000 00512nam a2200205Ia 4500
003 0100
008 130303s9999 xx 000 0 und d
020 _a805210350
040 _cARRUPELIB
050 _aBM635.4.W731996
245 _aJewish insights on death and mourning = Wrestling with the angel
250 _a1st
260 _aNew York
260 _bSchocken Books
260 _C1996
300 _axxiii
300 _b 374p. 21cm.
700 _aedited by Jack Riemer , Riemer, Jack
942 0 0 _01
999 _c11243
_d11243